UN-sanctioned Quiz Stats

 Plays Quiz Updated Nov 9, 2016

Also try: UN-armed
Challenge
Share
Tweet
Embed
Score 0/33 Timer 05:00
2 Plays Today
Resolution/ Year Country % Correct
R-1747/2007Iran
95.8%
R-1929/2010Iran
95.8%
R-661/1990Iraq
94.6%
R-665/1990Iraq
94.6%
R-687/1991Iraq
93.9%
R-1718/2006North Korea
88.5%
R-1874/2009North Korea
88.5%
R-748/1992Libya
78.8%
R-883/1993Libya
78.8%
R-1970/2011Libya
78.8%
R-1267/1999Afghanistan
70.5%
R-1054/1996Sudan
63%
R-1070/1996Sudan
63%
R-1591/2005Sudan
63%
R-418/1977South Africa
60.8%
R-733/1992Somalia
59.5%
R-713/1991Yugoslavia
56%
Resolution/ Year Country % Correct
R-918/1994Rwanda
53%
R-757/1992Serbia & Montenegro
48.3%
R-1160/1998Serbia & Montenegro
48.3%
R-1298/2000Ethiopia & Eritrea
47.4%
R-232/1966Southern Rhodesia
42.2%
R-253/1968Southern Rhodesia
42.2%
R-1343/2001Liberia
34.2%
R-1478/2003Liberia
34.2%
R-1132/1997Sierra Leone
33.6%
R-1306/2000Sierra Leone
33.6%
R-1572/2004Côte d'Ivoire
30.9%
R-841/1993Haiti
28.3%
R-875/1993Haiti
28.3%
R-1127/1997Angola
28%
R-1907/2009Eritrea
21.7%
R-156/1960Dominican Republic
13.7%

You're not logged in!

Compare scores with friends on all Sporcle quizzes.
OR
Log In

You Might Also Like...

Show Comments

Extras

Top Quizzes Today


Score Distribution

Your Account Isn't Verified!

In order to create a playlist on Sporcle, you need to verify the email address you used during registration. Go to your Sporcle Settings to finish the process.

Report this User

Report this user for behavior that violates our Community Guidelines.

Details: